Recuerdos de un agrario cooperativista, 1895-1925 /

Guardado en:
Autor Principal: Kaplan, Isaac.
Otros Autores: Olivier, Ernesto, 1918-
Formato: Libro
Idioma:Spanish
Publicado: Buenos Aires : Círculo de Estudios Cooperativistas de Buenos Aires, 1962.
Series:Colección de fascículos de investigación sobre cooperativismo en la Argentina ; Documentario. publicación no. 4.
Materias:
Etiquetas: Agregar Etiqueta
Sin Etiquetas, Sea el primero en etiquetar este registro!
LEADER 01168nam a22002655a 4500
001 EAD.ead001439
008 830210s1962####ag#######b####000#0#spa##
005 20120906135404.0
245 1 0 |a Recuerdos de un agrario cooperativista, 1895-1925 /  |c I. Kaplan ; noticia biográfica por Ernesto Olivier. 
260 |a Buenos Aires :  |b Círculo de Estudios Cooperativistas de Buenos Aires,  |c 1962. 
300 |a 55 p. ;  |c 19 cm. 
490 1 |a Colección de fascículos de investigación sobre cooperativismo en la Argentina ;  |v publicación no. 4. Documentario 
500 |a "Inventario de la realidad cooperativa argentina"--Anteportada. 
504 |a Incluye referencias bibliográficas. 
100 1 |a Kaplan, Isaac. 
700 1 |a Olivier, Ernesto,  |d 1918- 
830 0 |a Colección de fascículos de investigación sobre cooperativismo en la Argentina ;  |v publicación no. 4.  |p Documentario. 
043 |a s-ag--- 
082 0 0 |a 334/.683/0982  |2 19 
082 0 4 |a 334.683  |2 21 
650 7 |a Cooperativas agrícolas.  |2 isoc 
010 |a  82155097  
040 |a DLC  |c DLC  |d DLC 
050 0 0 |a HD1491.A7  |b K36 1962 
859 |a AR-BaBDC  |b BIB. ADMINISTRACION GABCOOP - Libros  |h 334.683  |i K141  |p g00112